000 00884cam a2200277 a 4500
008
020 _a0442206488 (hbk.)
049 _aMAIN
090 _aTJ223.M53
_bSTO
100 1 _aStoecker, W.F.
245 1 0 _aMicrocomputer control of thermal and mechanical systems /
_cW.F. Stoecker, P.A. Stoecker.
260 _aNew York :
_bVan Nostrand Reinhold,
_cc1989.
300 _axviii, 439 p. :
_bill. ;
_c24 cm.
500 _aIncludes index.
504 _aIncludes bibliographical references.
650 0 _aAutomatic control.
650 0 _aMicrocomputers.
650 0 _aHeat engineering
_xData processing.
650 0 _aMechanical engineering
_xData processing.
700 1 _aStoecker, P.A.
907 _a.b10017380
_b20-03-12
_c17-04-03
003
005 20240730181756.0
040 _cNUST
942 _cBOOKS
_kTJ223.M53
_mSTO
_01
999 _c151642
_d151642